5 Biggest 3 letter Cities in each Continent - Statistics

General Stats
  • This quiz has been taken 25 times
  • The average score is 10 of 30
Answer Stats
Continent Letter Population City % Correct
Africa F 1,341,852 Fez
78%
Asia Q 1,401,013 Qom
78%
Europe U 1,163,304 Ufa
78%
Africa A 1,280,410 Aba
61%
Europe U 168,910 Ulm
57%
Africa J 1,065,088 Jos
52%
Oceania L 173,000 Lae
52%
Asia O 514,731 Osh
43%
Africa U 1,451,209 Uyo
43%
Asia V 581,393 Van
43%
Asia H 1,106,359 Huế
39%
Europe N 260,237 Niš
39%
S. America I 315,290 Ica
35%
Africa I 963,150 Ifẹ̀
30%
Oceania W 7,108 Wau
26%
Asia I 842,554 Ibb
22%
S. America I 168,240 Itu
22%
S. America U 116,797 Ubá
22%
S. America C 212,557 Cúa
17%
N. America M 148,520 Mao
17%
Europe P 140,063 Pau
17%
N. America A 17,004 Ada
13%
S. America J 133,497 Jaú
13%
N. America M 72,982 Moa
13%
N. America R 16,760 Rye
13%
Oceania R 10,707 Rye
13%
Oceania A 8,714 Ayr
9%
Europe E 120,594 Érd
9%
Oceania M 18,052 Moe
9%
N. America R 41,033 Roy
4%
No matching quizzes found
Score Distribution
Percent of People with Each Score
Percentile by Number Answered
Your Score History
You have not taken this quiz